[Event "34th Chess Olympiad (men)"]
[Site "Istanbul"]
[Date "2000.11.09"]
[Round "12.34.3"]
[White "Hassan, Sayed Barakat"]
[Black "Granara, Barreto Sebastian A"]
[WhiteElo "2365"]
[BlackElo "2095"]
[WhiteCountry "EGY"]
[BlackCountry "URU"]
[Result "1-0"]

1. e4 c5 2. Nc3 Nc6 3. f4 g6 4. Nf3 Bg7 5. Bb5 Nd4 6. Bd3 d6 7. Nxd4 cxd4 
8. Ne2 Nh6 9. O-O O-O 10. c3 dxc3 11. dxc3 Ng4 12. Kh1 b6 13. Qe1 f5 
14. exf5 gxf5 15. h3 Nh6 16. Nd4 Rf6 17. Nc6 Qd7 18. Nxe7+ Kh8 19. Nxc8 Rxc8 
20. Be3 Re6 21. Qf2 Rce8 22. Rae1 Qa4 23. a3 Rg6 24. Bd4 Rg8 25. Re2 Qc6 
26. Qf3 Qc7 27. Qd5 Qd8 28. Re6 Rxe6 29. Qxe6 Bxd4 30. Qxh6 Rg6 31. Qh5 Bg7 
32. Qxf5 Rh6 33. Re1 Bf6 34. Re6 Qf8 35. Kh2 Rg6 36. g4 Qd8 37. g5 Bg7 
38. Rxg6 hxg6 39. Qxg6 Kg8 40. Qe6+ Kh8 41. Qf5 Kg8 42. Bc4+ Kh8 43. Qf7 
1-0

[Event "34th Chess Olympiad (men)"]
[Site "Istanbul"]
[Date "2000.11.09"]
[Round "12.34.4"]
[White "Carvalho, Guillermo"]
[Black "El Arousy Abdul, Hameed"]
[WhiteElo "2172"]
[BlackElo "2363"]
[WhiteCountry "URU"]
[BlackCountry "EGY"]
[Result "1/2-1/2"]

1. c4 e6 2. Nc3 d5 3. d4 Nf6 4. cxd5 exd5 5. Bg5 c6 6. Qc2 Na6 7. a3 Nc7 
8. e3 Be7 9. Bd3 g6 10. h3 Ne6 11. Bh4 Ng7 12. Nf3 Bf5 13. Bg3 Bd6 14. Ne5 Bxd3 
15. Qxd3 Qe7 16. O-O O-O 17. f4 Ne4 18. Nxe4 dxe4 19. Qc2 Qe6 20. Nc4 Rfe8 
21. Rac1 Nf5 22. Bf2 Rad8 23. g4 Ne7 24. Bh4 f6 25. f5 gxf5 26. gxf5 Qf7 
27. Qxe4 Nd5 28. Qf3 Bc7 29. e4 Nb6 30. Kh1 Rxd4 31. Rg1+ Kh8 32. Qh5 Rf8 
33. Qxf7 Rxf7 34. Nxb6 axb6 35. Rce1 Be5 36. Rg2 Rg7 37. Rxg7 Kxg7 38. Re2 Rd3 
39. Kg2 Rb3 40. Bf2 Rxb2 41. Rxb2 Bxb2 42. a4 b5 43. axb5 cxb5 44. Be1 Kh6 
45. Bb4 Kg5 46. Bd2+ Kh5 47. Bb4 Be5 48. Kf3 Kh4 49. Kg2 Kg5 50. Bd2+ Kh5 
51. Bb4 Kh6 52. Kf3 Kg7 53. Ke3 Kf7 54. Kd3 Ke8 55. Bc5 Kd7 56. Bb4 Kc6 
57. Kc2 Bd6 58. Bc3 Be7 59. Bd4 Kd7 60. Kb3 Ke8 61. Be3 Bd6 62. Bd4 Kf7 
63. Be3 Kg7 64. Bd2 Bc5 65. Bf4 Kf7 66. Bd2 Ke7 67. Bc3 b4 68. Bb2 
1/2-1/2

[Event "34th Chess Olympiad (men)"]
[Site "Istanbul"]
[Date "2000.11.09"]
[Round "12.35.1"]
[White "Arduman, Can"]
[Black "Claesen, Pieter"]
[WhiteElo "2397"]
[BlackElo "2416"]
[WhiteCountry "TURA"]
[BlackCountry "BEL"]
[Result "1/2-1/2"]

1. d4 d5 2. Bg5 f6 3. Bf4 Nc6 4. Nf3 Bg4 5. c3 Qd7 6. Nbd2 O-O-O 7. h3 Bxf3 
8. Nxf3 e5 9. dxe5 Qf5 10. e3 fxe5 11. g4 Qe6 12. Bg3 Bd6 13. Qa4 Nge7 
14. O-O-O Rhf8 15. Be2 e4 16. Nd4 Qh6 17. g5 Qxg5 
1/2-1/2

[Event "34th Chess Olympiad (men)"]
[Site "Istanbul"]
[Date "2000.11.09"]
[Round "12.35.4"]
[White "Van, Beers Eddy"]
[Black "Karadeniz, Emre"]
[WhiteElo "2346"]
[BlackElo "2278"]
[WhiteCountry "BEL"]
[BlackCountry "TURA"]
[Result "0-1"]

1. d4 d5 2. c4 e6 3. Nc3 c6 4. Nf3 dxc4 5. a4 Bb4 6. e3 b5 7. Bd2 a5 
8. axb5 Bxc3 9. Bxc3 cxb5 10. b3 Bb7 11. bxc4 b4 12. Bb2 Nf6 13. c5 O-O 
14. Bb5 Bc6 15. Qa4 Qe8 16. Bxc6 Nxc6 17. O-O Ne4 18. Rfc1 Qd7 19. Ne1 f5 
20. Nd3 Ra7 21. f3 Nf6 22. Rd1 Nd5 23. Kf2 f4 24. exf4 Nxf4 25. Nxf4 Rxf4 
26. Qb3 Rf5 27. Ra4 Rd5 28. Rda1 h6 29. Qc4 Kh8 30. Ke3 e5 31. dxe5 Nxe5 
32. Bxe5 Rxe5+ 33. Kf4 Qd2+ 34. Kg3 Rg5+ 35. Kh4 Qxg2 36. Qf4 Qf2+ 37. Kh3 Rh5+ 
0-1

[Event "34th Chess Olympiad (men)"]
[Site "Istanbul"]
[Date "2000.11.09"]
[Round "12.36.1"]
[White "Majeed, Abdul"]
[Black "Sarsam, Abdulla"]
[WhiteElo "2291"]
[BlackElo "2423"]
[WhiteCountry "UAE"]
[BlackCountry "IRQ"]
[Result "0-1"]

1. e4 e5 2. Nf3 Nc6 3. Bb5 a6 4. Ba4 Nf6 5. O-O Be7 6. Re1 b5 7. Bb3 O-O 
8. c3 d6 9. h3 Nd7 10. d4 Bf6 11. a4 Bb7 12. axb5 axb5 13. Rxa8 Qxa8 
14. Na3 Qa6 15. Qd3 exd4 16. cxd4 Nxd4 17. Nxd4 Nc5 18. Qxb5 Bxd4 19. Bd5 Rb8 
20. Rd1 Qxb5 21. Nxb5 Bxd5 22. Rxd4 Rxb5 23. Rxd5 Rb3 24. Rd4 Nd3 25. Be3 f6 
26. Rc4 Rb7 27. b3 c5 28. Rc3 Nb4 29. Kf1 Kf7 30. Ke2 Ke6 31. Bd2 Nc6 
32. Rg3 Nd4+ 33. Kd1 g6 34. b4 cxb4 35. Rd3 Nc6 36. Kc2 Ra7 37. Kb2 Ra5 
38. Bf4 d5 39. exd5+ Rxd5 40. Re3+ Kd7 41. Re4 g5 42. Be3 f5 43. Rc4 f4 
44. Bb6 Kd6 45. h4 Rb5 46. hxg5 Rxb6 47. Rxf4 Rb7 48. Rf6+ Kd5 49. g6 hxg6 
50. Rxg6 Nd4 51. Rg8 Re7 52. Rd8+ Kc4 53. Rc8+ Kd3 54. Rb8 Re2+ 55. Kc1 Kc3 
56. Rc8+ Kb3 57. Rd8 Nb5 58. Rf8 Nc3 
0-1

[Event "34th Chess Olympiad (men)"]
[Site "Istanbul"]
[Date "2000.11.09"]
[Round "12.36.2"]
[White "Ali, Mohammed"]
[Black "Saleh, Jasim"]
[WhiteElo "2307"]
[BlackElo "2356"]
[WhiteCountry "IRQ"]
[BlackCountry "UAE"]
[Result "1/2-1/2"]

1. d4 g6 2. e4 Bg7 3. c3 d6 4. Bg5 Nf6 5. Nd2 O-O 6. f4 c5 7. d5 Qc7 8. Ngf3 e6 
9. dxe6 Bxe6 10. Bd3 Re8 11. O-O c4 12. f5 cxd3 13. fxe6 fxe6 14. Bxf6 Bxf6 
15. Nb3 Nc6 16. Qxd3 Ne5 17. Nxe5 Bxe5 18. Qh3 Qb6+ 19. Kh1 Re7 20. Rab1 Qa6 
21. a3 Rf8 22. Rxf8+ Kxf8 23. Nd2 Rf7 24. Nf3 Qe2 25. Qh6+ Kg8 26. Qd2 Qxe4 
27. Re1 Qf5 28. Qe2 Qh5 29. Kg1 Qf5 30. Nxe5 dxe5 31. Rf1 Qxf1+ 32. Qxf1 Rxf1+ 
33. Kxf1 Kf7 34. Ke2 Kf6 35. Ke3 Ke7 36. c4 Kd6 37. b4 b6 38. Ke4 a5 39. h4 a4 
40. g4 h6 41. g5 
1/2-1/2

[Event "34th Chess Olympiad (men)"]
[Site "Istanbul"]
[Date "2000.11.09"]
[Round "12.36.3"]
[White "Abdullah, Mansour"]
[Black "Araz, Mohammad"]
[WhiteElo "2290"]
[BlackElo "2286"]
[WhiteCountry "UAE"]
[BlackCountry "IRQ"]
[Result "0-1"]

1. e4 e5 2. Nf3 Nf6 3. Nxe5 d6 4. Nf3 Nxe4 5. Qe2 Qe7 6. d3 Nf6 7. Qxe7+ Bxe7 
8. Bg5 h6 9. Bd2 Bg4 10. Be2 Nc6 11. h3 Bh5 12. Nc3 O-O-O 13. g4 Bg6 
14. Nb5 Nd5 15. c4 Nb6 16. Bc3 Rhe8 17. Kf1 Bf8 18. b3 d5 19. c5 Bxc5 
20. Bxg7 a6 21. Rc1 Nd7 22. Nbd4 Nxd4 23. Bxd4 Bf8 24. Be3 Ne5 25. Nxe5 Rxe5 
26. Bd4 Re6 27. f4 Rde8 28. Be5 f6 29. Bxc7 Ba3 30. Rc3 d4 31. Rc4 b5 
0-1

[Event "34th Chess Olympiad (men)"]
[Site "Istanbul"]
[Date "2000.11.09"]
[Round "12.36.4"]
[White "Aziz, Ahmad"]
[Black "Moussa, Taleb"]
[WhiteElo "2323"]
[BlackElo "2389"]
[WhiteCountry "IRQ"]
[BlackCountry "UAE"]
[Result "0-1"]

1. e4 c5 2. Nf3 e6 3. d4 cxd4 4. Nxd4 Nf6 5. Nc3 d6 6. Be3 Nc6 7. Be2 a6 
8. O-O Qc7 9. a4 Be7 10. Kh1 O-O 11. f4 Bd7 12. Bd3 Nb4 13. a5 Rfe8 14. Nf3 Bc6 
15. Qe1 Nd7 16. Qg3 Bf8 17. Nd1 Bb5 18. Nf2 Bxd3 19. cxd3 Nc5 20. Rfc1 Qd8 
21. Ra3 Nc6 22. Nd4 Rc8 23. Nxc6 Rxc6 24. d4 Nd7 25. Raa1 Rxc1+ 26. Bxc1 d5 
27. e5 Nb8 28. Bd2 Nc6 29. Bc3 Re7 30. Nd3 Rc7 31. Qe1 Qc8 32. Rc1 Na7 
33. b4 Rc4 34. Nb2 Rc6 35. Nd3 Rc7 36. Nc5 Bxc5 37. bxc5 Qe8 38. Rb1 h6 
39. Qd1 Nb5 40. Bb4 Qd8 41. Rb3 Qh4 42. g3 Qh3 43. g4 Qh4 44. Be1 Qe7 45. h4 f6 
46. Kg2 fxe5 47. fxe5 Qf8 48. Bf2 Qf4 49. Rd3 Rf7 50. Bg3 Qe4+ 51. Kh3 Na7 
52. Kh2 Nc6 
0-1

[Event "34th Chess Olympiad (men)"]
[Site "Istanbul"]
[Date "2000.11.09"]
[Round "12.37.1"]
[White "Hamdouchi, Hichem"]
[Black "Valiente, Cristobal"]
[WhiteElo "2541"]
[BlackElo "2389"]
[WhiteCountry "MAR"]
[BlackCountry "PAR"]
[Result "1-0"]

1. e4 e6 2. d4 d5 3. Nd2 c5 4. Ngf3 Nc6 5. exd5 exd5 6. Bb5 Bd6 7. O-O Nge7 
8. dxc5 Bxc5 9. Nb3 Bd6 10. Bg5 O-O 11. Bh4 Bg4 12. Bg3 Bxg3 13. hxg3 Ng6 
14. Re1 h5 15. Bxc6 bxc6 16. Qd4 Bxf3 17. gxf3 h4 18. Re3 hxg3 19. fxg3 a5 
20. Kg2 Rb8 21. a3 Rb5 22. Rb1 Qf6 23. Qg4 Ne5 24. Qh3 Nc4 25. Re2 Qh6 
26. Qxh6 gxh6 27. a4 Rb4 28. Rh1 Kg7 29. Rh4 Nxb2 30. Nd4 Nxa4 31. Rg4+ Kh7 
32. Re7 Nc5 33. Ra7 a4 34. Ne6 Rfb8 35. Rxb4 Rxb4 36. Nxc5 Rc4 37. Nxa4 Rxc2+ 
38. Kf1 Kg6 39. Rc7 Kf6 40. Ke1 
1-0

[Event "34th Chess Olympiad (men)"]
[Site "Istanbul"]
[Date "2000.11.09"]
[Round "12.37.2"]
[White "Peralta, Eduardo"]
[Black "Tissir, Mohamed"]
[WhiteElo "2330"]
[BlackElo "2342"]
[WhiteCountry "PAR"]
[BlackCountry "MAR"]
[Result "0-1"]

1. d4 Nf6 2. Nf3 e6 3. c4 d5 4. g3 dxc4 5. Bg2 Bb4+ 6. Nc3 O-O 7. O-O Nc6 
8. a3 Be7 9. e4 Rb8 10. h3 b5 11. d5 exd5 12. exd5 Na5 13. Nd4 a6 14. Be3 Bb7 
15. Qf3 Nb3 16. Nxb3 cxb3 17. Rfd1 Qd7 18. Rac1 Rbc8 19. g4 h6 20. Bf4 Rfd8 
21. Be5 Nh7 22. Qe3 Bd6 23. Qd4 Bxe5 24. Qxe5 Qd6 25. Qe3 Nf6 26. Ne4 Nxe4 
27. Bxe4 Re8 28. Qd4 Re5 29. Bg2 Rce8 30. Qa7 Bxd5 31. Bxd5 Rxd5 32. Rxd5 Qxd5 
33. Qxc7 Qd3 34. Qc3 Rd8 35. Qc7 Re8 36. Qc3 Rd8 37. Qc7 Qd2 38. Qc3 Rd3 
39. Qc8+ Rd8 40. Qc3 Qf4 41. Rf1 h5 42. gxh5 Rd5 43. Re1 Rd2 44. Rf1 Qg5+ 
45. Kh1 Qd5+ 46. Kg1 Qd3 47. Qc8+ Kh7 48. Qg4 Rxb2 49. Rd1 Rb1 50. Rxb1 Qxb1+ 
51. Kg2 Qc2 
0-1

[Event "34th Chess Olympiad (men)"]
[Site "Istanbul"]
[Date "2000.11.09"]
[Round "12.37.3"]
[White "Onkoud, Abdelaziz"]
[Black "Ferreira, Oscar"]
[WhiteElo "2309"]
[BlackElo "2266"]
[WhiteCountry "MAR"]
[BlackCountry "PAR"]
[Result "1-0"]

1. e4 c5 2. Nf3 Nc6 3. c4 e6 4. Nc3 Nge7 5. d4 cxd4 6. Nxd4 Nxd4 7. Qxd4 Nc6 
8. Qd2 Be7 9. Be2 O-O 10. O-O a6 11. Rd1 Bc5 12. b3 Qf6 13. Bf1 Bxf2+ 
14. Qxf2 Qxc3 15. Ba3 Re8 16. Bb2 Qb4 17. e5 b6 18. Qf4 d5 19. exd6 e5 
20. Qe3 Bg4 21. Rd5 b5 22. a3 Qa5 23. cxb5 axb5 24. d7 Red8 25. Bxb5 Rxd7 
26. Rc5 Rad8 27. b4 Rd1+ 28. Rxd1 Rxd1+ 29. Kf2 Qd8 30. Rxc6 Qh4+ 31. Qg3 
1-0

[Event "34th Chess Olympiad (men)"]
[Site "Istanbul"]
[Date "2000.11.09"]
[Round "12.38.2"]
[White "Rodgaard, John"]
[Black "Al-Sayed, Mohammed"]
[WhiteElo "2351"]
[BlackElo "2370"]
[WhiteCountry "FAI"]
[BlackCountry "QAT"]
[Result "1/2-1/2"]

1. c4 Nf6 2. Nf3 g6 3. Nc3 Bg7 4. e4 d6 5. d4 O-O 6. Be2 e5 7. dxe5 dxe5 
8. Qxd8 Rxd8 9. Bg5 Re8 10. Nd5 Nxd5 11. cxd5 c6 12. Bc4 cxd5 13. Bxd5 
1/2-1/2

[Event "34th Chess Olympiad (men)"]
[Site "Istanbul"]
[Date "2000.11.09"]
[Round "12.38.3"]
[White "Abdulgha Four, Yousef"]
[Black "Naes, Flovin Tor"]
[WhiteElo "2052"]
[BlackElo "2271"]
[WhiteCountry "QAT"]
[BlackCountry "FAI"]
[Result "0-1"]

1. e4 e5 2. Nf3 Nc6 3. Bc4 Bc5 4. c3 Nf6 5. d3 d6 6. Bb3 h6 7. O-O Bg4 
8. h3 Bh5 9. Nbd2 Qd7 10. Re1 g5 11. Nf1 g4 12. hxg4 Qxg4 13. Be3 Rg8 
14. Ng3 Bxe3 15. Rxe3 Qg6 16. Nh4 Bxd1 17. Nxg6 Bxb3 18. Nxe5 Nxe5 
19. axb3 Nfg4 20. Re2 Nxd3 
0-1

[Event "34th Chess Olympiad (men)"]
[Site "Istanbul"]
[Date "2000.11.09"]
[Round "12.38.4"]
[White "Simonsen, Olavur"]
[Black "Nezad, Husein Aziz"]
[WhiteElo "2183"]
[BlackElo "2066"]
[WhiteCountry "FAI"]
[BlackCountry "QAT"]
[Result "1-0"]

1. e4 c6 2. Nf3 d5 3. Nc3 Bg4 4. Be2 e6 5. h3 Bh5 6. d4 Nf6 7. Bg5 h6 
8. Bxf6 Qxf6 9. Ne5 Bxe2 10. Qxe2 dxe4 11. Nxe4 Qe7 12. O-O Nd7 13. c4 O-O-O 
14. c5 Qe8 15. Nc4 Kb8 16. Ned6 Bxd6 17. Nxd6 Qe7 18. b4 Nf6 19. Qf3 Rd7 
20. b5 cxb5 21. Rab1 a6 22. a4 bxa4 23. Qa3 Rxd6 24. cxd6 Qd7 25. Rb4 b5 
26. Qxa4 Nd5 27. Rb2 Qxd6 28. Ra1 Rc8 29. Rxb5+ Ka7 30. Rc5 Rc7 31. Rac1 Qb6 
32. Rxc7+ Nxc7 33. Qd7 Kb8 34. Qxf7 a5 35. Qxg7 a4 36. Qg8+ Kb7 37. Qh7 Kc8 
38. Qxh6 
1-0

[Event "34th Chess Olympiad (men)"]
[Site "Istanbul"]
[Date "2000.11.09"]
[Round "12.39.1"]
[White "Iraheta, Jorge"]
[Black "Gillani, Tunveer M D"]
[WhiteElo "2000"]
[BlackElo "2255"]
[WhiteCountry "ESA"]
[BlackCountry "PAK"]
[Result "0-1"]

1. e4 d6 2. d4 Nf6 3. Nc3 g6 4. Bg5 Bg7 5. Qd2 h6 6. Bh4 g5 7. Bg3 Nh5 
8. Nge2 Nd7 9. h3 Nxg3 10. Nxg3 c5 11. d5 a6 12. Be2 b5 13. a3 Nf8 14. Bf3 Ng6 
15. Nf1 Nh4 16. Nh2 Bd7 17. Rb1 a5 18. Ne2 b4 19. axb4 axb4 20. c3 Qb6 
21. Rd1 O-O 22. O-O Ra2 23. Rb1 Rb8 24. c4 Qa6 25. Nc1 Ra1 26. Rxa1 Qxa1 
27. Nd3 Qa2 28. Rc1 Nxf3+ 29. Nxf3 Ra8 30. Kh1 Qb3 31. e5 Bf5 32. Nfe1 Ra2 
33. exd6 exd6 34. Rc2 Ra1 35. Kh2 Rxe1 36. Nxe1 Bxc2 37. Qxc2 Qxb2 
38. Qxb2 Bxb2 39. Nd3 Be5+ 40. g3 b3 41. Kg2 b2 
0-1

[Event "34th Chess Olympiad (men)"]
[Site "Istanbul"]
[Date "2000.11.09"]
[Round "12.39.2"]
[White "Amer, Karim"]
[Black "Arias, Lemnys"]
[WhiteElo "2240"]
[BlackElo "2000"]
[WhiteCountry "PAK"]
[BlackCountry "ESA"]
[Result "0-1"]

1. d4 Nf6 2. Bg5 Ne4 3. Bh4 c5 4. f3 Qa5+ 5. c3 Nf6 6. Bxf6 gxf6 7. d5 d6 
8. e4 Bh6 9. Na3 Bd7 10. Bd3 b5 11. Ne2 c4 12. Bb1 Qb6 13. Qd4 Qxd4 14. cxd4 a5 
15. Kf2 Na6 16. f4 e6 17. b3 cxb3 18. axb3 Nb4 19. dxe6 fxe6 20. Nc2 Nxc2 
21. Bxc2 Ke7 22. Ra2 Rhc8 23. Rha1 Rc7 24. Bd1 Rca7 25. g3 Kd8 26. Nc3 Kc7 
27. Bf3 Kb6 28. e5 d5 29. exf6 Rf8 30. Rc1 Rxf6 31. Bxd5 b4 32. Ne4 Rf5 
33. Bc4 Bc6 34. Nc5 e5 35. dxe5 Rxe5 36. fxe5 Bxc1 37. Nd3 Bg5 38. h4 Be7 
39. Ke3 Ra8 40. Rf2 a4 41. bxa4 Rxa4 42. Kd4 Ra8 43. e6 Rd8+ 44. Ke3 Rg8 
45. h5 Rxg3+ 46. Kd2 Be4 47. Nf4 Bg5 48. Ke2 Kc5 49. e7 Bxe7 50. Bd3 Kd4 
51. Ne6+ Ke5 52. Bxe4 Kxe4 53. Rf7 Bd6 54. Kf2 Rc3 55. Rxh7 b3 56. Rb7 Rc2+ 
57. Ke1 b2 58. Ng5+ Kf5 59. h6 Rc1+ 60. Ke2 Ke5 
0-1

[Event "34th Chess Olympiad (men)"]
[Site "Istanbul"]
[Date "2000.11.09"]
[Round "12.39.3"]
[White "Segura, Javier"]
[Black "Ullah, Asad"]
[WhiteElo "2000"]
[BlackElo "2000"]
[WhiteCountry "ESA"]
[BlackCountry "PAK"]
[Result "0-1"]

1. e4 e5 2. Nf3 Nc6 3. Bc4 Be7 4. O-O Nf6 5. Re1 O-O 6. c3 d6 7. h3 a6 8. d4 h6 
9. Nbd2 Nh7 10. Nf1 Bf6 11. Ng3 Ne7 12. Bb3 c5 13. Be3 Qc7 14. Qe2 b5 
15. d5 Bd7 16. Nh5 Ng6 17. g4 Qd8 18. Kh2 Kh8 19. Rg1 Bg5 20. Rg2 Bf4+ 
21. Bxf4 exf4 22. Bc2 Ng5 23. e5 Nxf3+ 24. Qxf3 dxe5 25. Qe4 Qg5 26. Rh1 f5 
27. Qd3 e4 28. Qd2 Nh4 29. Qxf4 Qxf4+ 30. Nxf4 fxg4 31. Ne6 Bxe6 32. dxe6 Nxg2 
33. Kxg2 gxh3+ 34. Rxh3 Rae8 35. Bxe4 Rxe6 36. f3 Rd6 37. Kg3 Rd2 38. Rh2 Rxh2 
39. Kxh2 Rd8 40. Kg3 Rd2 41. Bb7 a5 
0-1

[Event "34th Chess Olympiad (men)"]
[Site "Istanbul"]
[Date "2000.11.09"]
[Round "12.39.4"]
[White "Waqar, Mohamed"]
[Black "Ricando, Chavez"]
[WhiteElo "2208"]
[BlackElo "2111"]
[WhiteCountry "PAK"]
[BlackCountry "ESA"]
[Result "0-1"]

1. c4 g6 2. g3 Bg7 3. Bg2 d6 4. Nc3 Nf6 5. Nf3 O-O 6. O-O Nc6 7. d3 e5 
8. Rb1 h6 9. b4 Nh5 10. b5 Ne7 11. Qb3 Kh8 12. Ba3 Be6 13. Qb4 b6 14. e3 Qc8 
15. d4 exd4 16. exd4 Bh3 17. Ne2 Re8 18. Rfe1 Bxg2 19. Kxg2 a6 20. Bb2 axb5 
21. cxb5 Nd5 22. Qb3 Qf5 23. Bc1 Re7 24. h3 Nhf6 25. Bd2 Rae8 26. g4 Qd7 
27. Ng3 Rxe1 28. Rxe1 Rxe1 29. Nxe1 Kg8 30. Nc2 c6 31. bxc6 Qxc6 32. f3 Ne8 
33. Ne2 Nec7 34. Kf2 Ne6 35. Ne3 Nef4 36. Nxf4 Nxf4 37. d5 Qc5 38. Qc4 Bd4 
39. Kg3 Bxe3 40. Qxc5 Ne2+ 41. Kg2 Bxc5 42. a4 Kg7 43. f4 Nd4 44. a5 bxa5 
45. Bxa5 f5 46. Bc3 Kf7 47. Bd2 Nc2 48. Kg3 Nb4 49. h4 h5 
0-1

[Event "34th Chess Olympiad (men)"]
[Site "Istanbul"]
[Date "2000.11.09"]
[Round "12.40.1"]
[White "Dive, Russell John"]
[Black "Bouaziz, Slim"]
[WhiteElo "2414"]
[BlackElo "2383"]
[WhiteCountry "NZL"]
[BlackCountry "TUN"]
[Result "1-0"]

1. d4 Nf6 2. c4 c5 3. d5 d6 4. Nc3 g6 5. e4 Bg7 6. Nge2 O-O 7. Ng3 e6 
8. Be2 exd5 9. cxd5 a6 10. a4 Nbd7 11. O-O Rb8 12. Re1 Re8 13. h3 Qc7 
14. Be3 h5 15. Qc2 Nh7 16. Nf1 Ne5 17. f4 Nd7 18. Kh1 Qd8 19. Nd2 Bd4 
20. Bg1 Nb6 21. Nf3 Bg7 22. e5 Bf5 23. Bd3 Bxd3 24. Qxd3 Nd7 25. e6 Ndf8 
26. f5 Bxc3 27. bxc3 Qf6 28. fxg6 Qxg6 29. exf7+ Kxf7 30. Qd2 Kg8 31. Bh2 Rbd8 
32. c4 Nf6 33. Nh4 Ne4 34. Qf4 Qh7 35. Re3 
1-0

[Event "34th Chess Olympiad (men)"]
[Site "Istanbul"]
[Date "2000.11.09"]
[Round "12.40.2"]
[White "Doghri, Nabil"]
[Black "Ker, Anthony F"]
[WhiteElo "2342"]
[BlackElo "2348"]
[WhiteCountry "TUN"]
[BlackCountry "NZL"]
[Result "1-0"]

1. e4 d6 2. d4 Nf6 3. Nc3 g6 4. Nf3 Bg7 5. Be2 O-O 6. O-O Bg4 7. h3 Bxf3 
8. Bxf3 Nc6 9. Ne2 e5 10. c3 Re8 11. Ng3 d5 12. exd5 Nxd5 13. Qb3 Nb6 14. a4 a5 
15. d5 Ne7 16. Rd1 Rb8 17. Ne4 h6 18. d6 Nf5 19. g4 Nxd6 20. g5 h5 21. Be3 Nbc8 
22. Nc5 Qe7 23. Bc6 Rd8 24. Na6 Ra8 25. Bxb7 Nxb7 26. Qxb7 Nd6 27. Qxc7 Rd7 
28. Qc6 Rc8 29. Qd5 Rdd8 30. Qxa5 Re8 31. Qb4 Bf8 32. Kh2 Qe6 33. Nc5 Qf5 
34. Qb3 Rb8 35. Qa2 e4 36. Rd5 Re5 37. Rad1 Rxb2 38. Qxb2 Rxd5 39. Rxd5 Qxd5 
40. Nd7 Ne8 41. Nxf8 Qe5+ 42. Kg2 Kxf8 43. Qb4+ Nd6 44. Qc5 f6 45. Qxe5 fxe5 
46. Bc5 
1-0

[Event "34th Chess Olympiad (men)"]
[Site "Istanbul"]
[Date "2000.11.09"]
[Round "12.40.4"]
[White "Bouhlel, Mohamed"]
[Black "Wastney, Scott"]
[WhiteElo "2000"]
[BlackElo "2219"]
[WhiteCountry "TUN"]
[BlackCountry "NZL"]
[Result "0-1"]

1. e4 c5 2. c3 Nf6 3. e5 Nd5 4. Nf3 e6 5. d4 cxd4 6. cxd4 d6 7. Nc3 Nxc3 
8. bxc3 Qc7 9. Bd2 Nd7 10. exd6 Bxd6 11. Bd3 b6 12. O-O O-O 13. h3 Bb7 
14. Re1 Rac8 15. Rc1 Bf4 16. Ne5 Bxe5 17. dxe5 Nc5 18. Bb1 Rfd8 19. Qe2 Rd7 
20. Bg5 Qc6 21. f4 h6 22. Bh4 Nd3 23. Bxd3 Rxd3 24. Rc2 Rxc3 25. Rxc3 Qxc3 
26. Qg4 Qd2 27. Re2 Rc1+ 28. Kh2 Qd3 29. Bf6 g6 30. Rf2 Rc2 31. Qg3 Qxg3+ 
32. Kxg3 Rc3+ 33. Kh2 Kf8 34. Rb2 Ke8 35. h4 h5 36. Bg7 Bd5 37. Rd2 Rc8 
38. Kg3 Kd7 39. Kf2 b5 40. g4 Rc4 41. Bh6 Kc6 42. gxh5 gxh5 43. Ke3 a5 
44. a3 Rc1 45. Bf8 Rh1 46. Be7 Kd7 47. Bg5 Rh3+ 48. Kd4 Rxa3 49. Kc5 b4 
50. f5 Rc3+ 51. Kb5 b3 52. Kxa5 Rc4 53. Kb5 Re4 54. fxe6+ Kxe6 55. Bf6 Rc4 
56. Rd3 b2 
0-1

[Event "34th Chess Olympiad (men)"]
[Site "Istanbul"]
[Date "2000.11.09"]
[Round "12.41.1"]
[White "David, Alberto"]
[Black "Bin Sattar, Reefat"]
[WhiteElo "2487"]
[BlackElo "2467"]
[WhiteCountry "LUX"]
[BlackCountry "BAN"]
[Result "1/2-1/2"]

1. e4 e6 2. d4 d5 3. Nc3 Nf6 4. e5 Nfd7 5. f4 c5 6. Nf3 Nc6 7. Be3 cxd4 
8. Nxd4 Bc5 9. Qd2 O-O 10. O-O-O a6 11. h4 Nxd4 12. Bxd4 b5 13. Rh3 b4 
14. Na4 Bxd4 15. Qxd4 a5 16. Kb1 Ba6 17. Bxa6 Rxa6 18. c4 bxc3 19. Qxc3 Qe8 
20. Qc2 
1/2-1/2

[Event "34th Chess Olympiad (men)"]
[Site "Istanbul"]
[Date "2000.11.09"]
[Round "12.41.2"]
[White "Rahman, Ziaur"]
[Black "Mossong, Hubert"]
[WhiteElo "2421"]
[BlackElo "2213"]
[WhiteCountry "BAN"]
[BlackCountry "LUX"]
[Result "1-0"]

1. Nf3 d6 2. d4 Bg4 3. g3 Bxf3 4. exf3 e6 5. Bg2 c6 6. O-O Nd7 7. Re1 Ngf6 
8. b3 Be7 9. Bb2 O-O 10. f4 Re8 11. Nd2 Qa5 12. h4 Rac8 13. Nc4 Qc7 14. h5 Nd5 
15. Rc1 h6 16. Nd2 N5f6 17. Nc4 b5 18. Ne3 Bf8 19. Bf1 Qb8 20. Rb1 a6 21. c4 b4 
22. Bd3 e5 23. Ng2 e4 24. Bc2 d5 25. g4 Nh7 26. Bc1 f5 27. c5 Be7 28. Re3 Bd8 
29. Rg3 Bc7 30. Ra1 Ndf6 31. gxf5 Rcd8 32. a3 bxa3 33. Rxa3 Qb7 34. Bd2 Ra8 
35. b4 Nf8 36. Nh4 Qb8 37. Ba4 Qb7 38. Rg2 Re7 39. Qe2 Rf7 40. Bd1 Bd8 
41. Rgg3 Bc7 42. Ra2 Re7 43. Rga3 Qb8 44. Ng2 Qc8 45. Rxa6 Rxa6 46. Rxa6 Qxf5 
47. Be3 g5 48. fxg5 hxg5 49. Rxc6 Bf4 50. Rxf6 Qxf6 51. Qg4 Rg7 52. Bb3 Qf7 
53. b5 Nd7 54. b6 Kh7 55. Kf1 Bb8 56. Ba4 Nf8 57. c6 Ne6 58. Bb3 Nf4 
59. c7 Nxg2 60. Kxg2 Bxc7 61. bxc7 
1-0

[Event "34th Chess Olympiad (men)"]
[Site "Istanbul"]
[Date "2000.11.09"]
[Round "12.41.3"]
[White "Brittner, Serge"]
[Black "Al Rakib, Abdullah"]
[WhiteElo "2000"]
[BlackElo "2386"]
[WhiteCountry "LUX"]
[BlackCountry "BAN"]
[Result "0-1"]

1. d4 d5 2. c4 c6 3. Nc3 Nf6 4. Nf3 e6 5. e3 Nbd7 6. Bd3 dxc4 7. Bxc4 b5 
8. Bd3 a6 9. e4 c5 10. e5 cxd4 11. Nxb5 axb5 12. exf6 gxf6 13. O-O Qb6 
14. Qe2 Ra5 15. Bf4 Bd6 16. Rfc1 Ke7 17. Bxd6+ Qxd6 18. Bxb5 Rg8 19. Rd1 Bb7 
20. Rxd4 Rxg2+ 21. Kf1 Bxf3 22. Rxd6 Bxe2+ 23. Kxg2 Rxb5 24. Rd2 Rg5+ 
25. Kh3 Bf3 26. Rd4 Bg2+ 27. Kh4 Ne5 
0-1

[Event "34th Chess Olympiad (men)"]
[Site "Istanbul"]
[Date "2000.11.09"]
[Round "12.41.4"]
[White "Hossain, Rajib"]
[Black "Risch, Michel"]
[WhiteElo "2314"]
[BlackElo "2000"]
[WhiteCountry "BAN"]
[BlackCountry "LUX"]
[Result "1-0"]

1. e4 c6 2. d4 d5 3. Nc3 dxe4 4. Nxe4 Nf6 5. Ng3 Bg4 6. Be2 Bxe2 7. N1xe2 e6 
8. O-O Bd6 9. Nf4 Qc7 10. Qf3 Nbd7 11. Nfh5 O-O 12. c4 c5 13. dxc5 Bxg3 
14. Nxf6+ Nxf6 15. Qxg3 Qxc5 16. Bh6 Nh5 17. Qg5 Qxg5 18. Bxg5 h6 19. Be3 b6 
20. Rfd1 Rfd8 21. Kf1 Nf6 22. f3 Rac8 23. b3 Kf8 24. Ke2 Ke7 25. a4 Rxd1 
26. Kxd1 Nd7 27. a5 Rc7 28. axb6 axb6 29. Ra6 Rb7 30. Kc2 Kd6 31. Ra8 Nb8 
32. Kc3 e5 33. b4 Kc6 34. g4 f6 35. h4 Kd7 36. f4 exf4 37. Bxf4 Nc6 38. b5 Ne7 
39. h5 Nc8 40. Kd4 Ne7 41. c5 bxc5+ 42. Kxc5 f5 43. gxf5 Nxf5 44. Rf8 Ke6 
45. b6 Ne7 46. Bc7 g6 47. hxg6 Nxg6 48. Ra8 
1-0

[Event "34th Chess Olympiad (men)"]
[Site "Istanbul"]
[Date "2000.11.09"]
[Round "12.42.1"]
[White "Watanabe, Akira"]
[Black "Samuel Sousa, Carlos"]
[WhiteElo "2374"]
[BlackElo "2000"]
[WhiteCountry "JPN"]
[BlackCountry "ANG"]
[Result "1-0"]

1. d4 Nf6 2. c4 g6 3. Nc3 Bg7 4. e4 d6 5. Nf3 O-O 6. Be2 e5 7. O-O Nc6 
8. d5 Ne7 9. b4 Nd7 10. Nd2 f5 11. a4 Nf6 12. f3 f4 13. c5 h5 14. Nc4 g5 
15. Ba3 Ng6 16. b5 Ne8 17. b6 axb6 18. cxb6 cxb6 19. Rb1 Ra6 20. Qb3 g4 
21. Nxb6 Rxb6 22. Qxb6 Qh4 23. Kh1 g3 24. Qg1 Qe7 25. Rfc1 gxh2 26. Qxh2 Bf6 
27. Nb5 Bd7 28. Nxd6 Nxd6 29. Rb6 Bh4 30. Rxd6 Rf6 31. Rxf6 Qxf6 32. Bb5 Bxb5 
33. axb5 Kg7 34. Qh3 Qd8 35. Qc8 Qf6 36. Rc7+ Kh6 37. Qxb7 Bf2 38. Rh7+ 
1-0